Vista normal Vista MARC

Entrada Materia (geográfica)

Número de registros utilizados en: 1

001 - CONTROL NUMBER

  • control field: 181118

003 - CONTROL NUMBER IDENTIFIER

  • control field: Co-BoUCM

005 - DATE AND TIME OF LATEST TRANSACTION

  • control field: 20240604130116.0

008 - FIXED-LENGTH DATA ELEMENTS

  • fixed length control field: 240604|| aca||aabn | a|a d

040 ## - CATALOGING SOURCE

  • Original cataloging agency: Co-BoUCM
  • Transcribing agency: Co-BoUCM

151 ## - HEADING--GEOGRAPHIC NAME

  • Geographic name: Neiva (Huila, Colombia)
  • General subdivision: Fundación de ciudades

670 ## - SOURCE DATA FOUND

  • Source citation: Work cat.: (Co-BoUCM): García Borrero, Joaquín 1894-1948 181117, Neiva en el siglo XVII, 1939